000 00407nam a22001697a 4500
003 MACL
005 20151226120233.0
008 151226b xxu||||| |||| 00| 0 eng d
040 _cMACL
041 _aEnglish
082 _a823/KHA
100 _akhan Aminuddin
_922726
245 _aReflictions Of An Uncommon Man
260 _aNoida
_bSaurabh Printers
_c2011
650 _aNovel
_9153
942 _2ddc
_cBK
999 _c51855
_d51855